| 000 | 01616nam a2200337Ia 4500 | ||
|---|---|---|---|
| 005 | 20220317000220.0 | ||
| 008 | 171019b2009 ck a|||g |||| 00| 0 spa | ||
| 020 | _a9789589886359 | ||
| 041 | _aspa | ||
| 082 | 0 | 4 |
_a629.287 _bD87p |
| 100 | 1 | _aDurán Naranjo, Jaime | |
| 245 | 1 | 0 |
_aPráctico en mecánica automotriz _cdirección editorial Jaime Durán Naranjo, Eduardo Durán Naranjo ; ilustración Eduardo Durán Naranjo, Jonathan Durán Naranjo |
| 250 | _a1a. edición | ||
| 300 |
_a199 páginas _bilustraciones a blanco y negro _c23 cm |
||
| 490 | _aTOP Temas de orientación profesional | ||
| 504 | _aIncluye bibliografía | ||
| 505 | _aIntroducción -- Generalidades -- Turbo de la marca Gattet --Pintura -- Color -- El motor diesel -- El motor -- Sistema de combustible -- Convertidor de torsión -- Motor HCCI -- Tipos de sensores -- Motor de inyección directa -- Mitsubishi -- Sistema de encendido computarizado chrysler -- Diagnóstico y prueba -- Sistemas de inyección diesel, bosch -- Bomba en línea tipo PE para 4 cilindros | ||
| 650 | 1 | 4 |
_2LEMB _aAutomóviles _xMantenimiento y reparación |
| 650 | 1 | 4 |
_2LEMB _aMecánica automotriz _xEnseñanza |
| 650 | 1 | 4 |
_2LEMB _aMotores (Mecánica) |
| 650 | 1 | 4 |
_2LEMB _aMotores Diesel |
| 650 | 1 | 4 |
_2LEMB _aMecánica automotriz |
| 700 | 1 |
_aDurán Naranjo, Eduardo _990899 |
|
| 700 | 1 |
_aDurán Naranjo, Jonathan _990900 |
|
| 942 |
_2ddc _cBK |
||
| 264 |
_a[Bogotá] _bDurán _c[2009] |
||
| 336 |
_atexto _btxt _2rdacontent |
||
| 337 |
_asin mediación _bn _2rdamedia |
||
| 338 |
_avolumen _bnc _2rdacarrier |
||
| 040 |
_aCO-BoRNBP _bspa _erda _cCO-BoRNBP |
||
| 999 |
_c3425 _d3425 |
||